[Event "Rated Blitz tournament 7HlK6Zmk"]
[Site "?"]
[Date "2021.11.27"]
[Round "?"]
[White "gogotaniye"]
[Black "Secret2700"]
[Result "1/2-1/2"]
[WhiteElo "2736"]
[BlackElo "2511"]
[PlyCount "200"]
[EventDate "2021.??.??"]
[EventType "blitz"]

1. e4 e5 2. Nf3 d5 3. exd5 e4 4. Qe2 Nf6 5. d3 Bb4+ 6. c3 O-O 7. dxe4 Bd6 8.
Nbd2 Re8 9. c4 Bb4 10. Qd1 Nxe4 11. Be2 c6 12. O-O Nxd2 13. Bxd2 Bc5 14. Bc3
cxd5 15. cxd5 Bg4 16. h3 Bh5 17. Re1 Nd7 18. Bb5 Rxe1+ 19. Bxe1 Ne5 20. g4 Nxg4
21. hxg4 Bxg4 22. Bf1 Qf6 23. Bg2 Rd8 24. Bc3 Qf5 25. Qe2 Qxd5 26. Re1 h6 27.
Qe4 Qxe4 28. Rxe4 Be6 29. Nd4 Bxa2 30. Nf5 Be6 31. Nxg7 Bd5 32. Rg4 Kf8 33. Nf5
Bxg2 34. Kxg2 Rd5 35. Nxh6 b5 36. Rg8+ Ke7 37. Rg7 b4 38. Rxf7+ Ke6 39. Rf6+
Kd7 40. Be1 Rg5+ 41. Kf1 Bb6 42. Nf7 Rd5 43. Bxb4 Rd1+ 44. Ke2 Rb1 45. Ne5+ Kc7
46. Bc3 Kb7 47. Rf3 Rh1 48. Rd3 Rh5 49. Ng4 Rg5 50. Ne3 Rh5 51. Bd4 Bc7 52.
Rb3+ Kc8 53. Ra3 a5 54. Rc3 Kb7 55. Kd3 Rh2 56. Kc4 Rxf2 57. Rb3+ Ka6 58. Nd5
Rc2+ 59. Rc3 Rxc3+ 60. Bxc3 Bd8 61. Bd4 Bh4 62. Bc5 Be1 63. Bd4 Bh4 64. Ne3 Bf2
65. Nc2 Be1 66. b3 Bh4 67. Na3 Be7 68. Nb5 Bf8 69. Nc7+ Kb7 70. Nd5 Ka6 71.
Nc7+ Kb7 72. Ne6 Bd6 73. Kb5 Bg3 74. Nc5+ Kc7 75. Na4 Be1 76. Bc3 Bf2 77. Bxa5+
Kb7 78. Bb6 Kc8 79. Bxf2 Kd7 80. b4 Kc7 81. Nc5 Kd6 82. Ka4 Kd5 83. Ka5 Kd6 84.
b5 Kd5 85. b6 Kc6 86. Ka6 Kd6 87. b7 Kd5 88. b8=Q Kc4 89. Qb7 Kc3 90. Nd7 Kd3
91. Kb6 Ke2 92. Bc5 Kd3 93. Qc6 Kc3 94. Qd6 Kc4 95. Kc6 Kc3 96. Qd5 Kc2 97. Ne5
Kb2 98. Qd4+ Kb3 99. Nc4 Ka4 100. Kb6 Kb3 {Time forfeit} 1/2-1/2

[Event "Rated Blitz tournament 7HlK6Zmk"]
[Site "?"]
[Date "2021.11.27"]
[Round "?"]
[White "Brave_spirit12"]
[Black "Secret2700"]
[Result "0-1"]
[WhiteElo "2394"]
[BlackElo "2499"]
[PlyCount "112"]
[EventDate "2021.??.??"]
[EventType "blitz"]

1. e4 e5 2. Nf3 d5 3. Nxe5 Bd6 4. d4 dxe4 5. Nc4 Nf6 6. Ne3 O-O 7. c4 Nc6 8.
Nc3 Re8 9. d5 Ne5 10. Be2 c6 11. Qb3 cxd5 12. cxd5 a5 13. Bd2 Bd7 14. Na4 Nd3+
15. Bxd3 exd3 16. Nc3 a4 17. Qc4 b5 18. Qxd3 b4 19. Ne2 Rb8 20. Nd4 Nxd5 21.
O-O Nf4 22. Qc2 Be5 23. Nf3 Bd6 24. Rad1 Rc8 25. Qb1 Bb5 26. Rfe1 Ne2+ 27. Kh1
Qb6 28. b3 a3 29. Qf5 h6 30. Qg4 Bf8 31. Nf5 Qg6 32. Qh3 Bd7 33. Nxh6+ gxh6 34.
Qxd7 Rcd8 35. Qh3 Nc3 36. Bxc3 bxc3 37. Rxd8 Rxd8 38. Ne5 Qc2 39. Qg4+ Bg7 40.
h4 Qd2 41. Rg1 c2 42. Nc6 c1=Q 43. Nxd8 Qc7 44. Nxf7 Qxf7 45. Rd1 Qdxf2 46.
Rd8+ Kh7 47. h5 Q2f5 48. Qh3 Q5xh5 49. Qxh5 Qxh5+ 50. Kg1 Qc5+ 51. Kh2 Be5+ 52.
Kh3 Qc7 53. Kg4 Qxd8 54. Kf5 Qd2 55. Ke4 Qxa2 56. Kd5 Qxb3+ {Time forfeit} 0-1

[Event "Rated Blitz game"]
[Site "?"]
[Date "2021.11.27"]
[Round "?"]
[White "chessnightmare"]
[Black "Annali-annaliew1979"]
[Result "1-0"]
[WhiteElo "2471"]
[BlackElo "2447"]
[PlyCount "53"]
[EventDate "2021.??.??"]
[EventType "blitz"]

1. e4 e5 2. Nf3 d5 3. Nxe5 Qe7 4. d4 f6 5. Ng4 Nc6 6. Bb5 Qxe4+ 7. Ne3 Nge7 8.
O-O Bd7 9. Nc3 Qxd4 10. Qxd4 Nxd4 11. Bxd7+ Kxd7 12. Ncxd5 Nxd5 13. Nxd5 Nxc2
14. Rb1 Bd6 15. Rd1 Rhe8 16. Bf4 Kc6 17. Rbc1 Re2 18. Bxd6 cxd6 19. Rxc2+ Rxc2
20. Nb4+ Kb5 21. Nxc2 Rd8 22. Rd4 d5 23. Kf1 Kc5 24. b4+ Kb5 25. Ke2 Ka4 26.
Rd3 b5 27. Ra3# {Normal} 1-0

[Event "Rated Blitz tournament zzloPC1D"]
[Site "?"]
[Date "2021.11.27"]
[Round "?"]
[White "samisahi"]
[Black "Toledanomad"]
[Result "1-0"]
[WhiteElo "2731"]
[BlackElo "2380"]
[PlyCount "63"]
[EventDate "2021.??.??"]
[EventType "blitz"]

1. e4 e5 2. Nf3 d5 3. exd5 e4 4. Qe2 Nf6 5. Nc3 Be7 6. Nxe4 O-O 7. Nc3 Re8 8.
d4 Bb4 9. Be3 Nxd5 10. Qd3 c5 11. a3 c4 12. Qxc4 Nxe3 13. fxe3 Rxe3+ 14. Kf2
Bxc3 15. Kxe3 Bxb2 16. Rb1 Bxa3 17. Bd3 Be6 18. Qa4 Bd6 19. Rhe1 Nc6 20. Rxb7
Bd5 21. Rb5 Bxf3 22. gxf3 Qh4 23. Kd2 Nxd4 24. Rb8+ Rxb8 25. Re8+ Rxe8 26.
Qxe8+ Bf8 27. Be4 Qxh2+ 28. Kd3 Ne6 29. Bd5 Qd6 30. c4 Nc7 31. Qxf7+ Kh8 32.
Qg8# {Normal} 1-0

[Event "Rated Blitz tournament 7HlK6Zmk"]
[Site "?"]
[Date "2021.11.27"]
[Round "?"]
[White "Brave_spirit12"]
[Black "Secret2700"]
[Result "0-1"]
[WhiteElo "2387"]
[BlackElo "2520"]
[PlyCount "74"]
[EventDate "2021.??.??"]
[EventType "blitz"]

1. e4 e5 2. Nf3 d5 3. Nxe5 Bd6 4. d4 dxe4 5. Nc4 Nf6 6. Nc3 O-O 7. Bg5 Nc6 8.
Be2 Be7 9. O-O Nxd4 10. Bxf6 Bxf6 11. Nxe4 Nxe2+ 12. Qxe2 Be7 13. Rad1 Qe8 14.
Rfe1 Be6 15. Ne3 Rd8 16. Qf3 Bb4 17. c3 Ba5 18. Qg3 Kh8 19. Ng5 Rxd1 20. Rxd1
Bxa2 21. Ra1 Qa4 22. Qh3 h6 23. Nf3 Qb3 24. Nd1 c5 25. Qf5 Rd8 26. Ne3 Qxb2 27.
Rf1 Qxc3 28. h4 Be6 29. Qf4 Qb4 30. Qg3 Qe4 31. Rc1 c4 32. Ne5 Bd2 33. Rd1 c3
34. Qf3 Qxf3 35. Nxf3 Bb3 36. Nxd2 Bxd1 37. Ne4 c2 {Normal} 0-1

[Event "Rated Blitz game"]
[Site "?"]
[Date "2021.11.27"]
[Round "?"]
[White "Buzilo"]
[Black "bonbonchristhov"]
[Result "1-0"]
[WhiteElo "2435"]
[BlackElo "2415"]
[PlyCount "115"]
[EventDate "2021.??.??"]
[EventType "blitz"]

1. e4 e5 2. Nf3 d5 3. exd5 e4 4. Qe2 f5 5. d3 Nf6 6. Nbd2 Bb4 7. c3 O-O 8. dxe4
fxe4 9. Nxe4 Nxe4 10. cxb4 Re8 11. Be3 Na6 12. Qc4 Nd6 13. Qb3 Bf5 14. Bxa6
bxa6 15. O-O h6 16. Nd4 Be4 17. Ne6 Qh4 18. f3 Bg6 19. Nxc7 Nf5 20. Nxe8 Rxe8
21. Bf2 Qg5 22. Rfe1 Rf8 23. Re5 Kh7 24. Rae1 Qd2 25. R5e2 Qg5 26. Qc3 h5 27.
Re5 h4 28. h3 Qf4 29. R1e4 Qh6 30. Rg4 Ng3 31. Bxg3 hxg3 32. Rxg3 Kg8 33. Rg4
Rf7 34. Reg5 Bf5 35. Rg3 Qb6+ 36. Kh2 Qh6 37. Qe5 Bd7 38. d6 Bb5 39. b3 Bd7 40.
a4 Kf8 41. Qc5 Kg8 42. Qxa7 Qxd6 43. Qc5 Qb8 44. Qe5 Qf8 45. b5 Bf5 46. b6 g6
47. a5 Kh7 48. h4 Re7 49. Qf4 Qh6 50. Rxf5 gxf5 51. Qxh6+ Kxh6 52. Rg5 f4 53.
Rf5 Kg6 54. Rxf4 Kh5 55. Rb4 Re2 56. b7 Re8 57. b8=Q Rg8 58. Qxg8 {Normal} 1-0

[Event "Rated Rapid tournament eLsRqGt0"]
[Site "?"]
[Date "2021.11.27"]
[Round "?"]
[White "rapidfortraining"]
[Black "Siebenschlaefer"]
[Result "0-1"]
[WhiteElo "2457"]
[BlackElo "2421"]
[PlyCount "128"]
[EventDate "2021.??.??"]
[EventType "rapid"]

1. e4 e5 2. Nf3 d5 3. d4 dxe4 4. Nxe5 Bd6 5. Nc4 Nf6 6. Nxd6+ Qxd6 7. Be2 Nc6
8. c3 O-O 9. O-O Re8 10. Na3 Bf5 11. Nb5 Qd7 12. Bf4 Rac8 13. d5 Nxd5 14. Bg3
a6 15. Nd4 Nxd4 16. Qxd4 c5 17. Qd2 Rcd8 18. Rad1 Nf6 19. Qg5 Qe6 20. b3 h6 21.
Qf4 Nd5 22. Qc1 Qf6 23. c4 Nc3 24. Rde1 Nxa2 25. Qa3 Nb4 26. Rd1 Qc6 27. Bh4 f6
28. Bh5 Rf8 29. Qa5 b6 30. Qa1 Qc8 31. Qc1 Bg4 32. Rxd8 Rxd8 33. Bg6 Be2 34.
Bxf6 Bxf1 35. Bxd8 Bxg2 36. Qf4 Qxd8 37. Qf7+ Kh8 38. Kxg2 e3 39. fxe3 Qg5+ 40.
Kh1 Qd8 41. Qf1 Nc6 42. Be4 Ne7 43. Kg2 Qd2+ 44. Kh1 Qd8 45. Qf2 b5 46. Kg2
bxc4 47. bxc4 a5 48. Bb1 Ng8 49. Qc2 Nf6 50. e4 Qd4 51. Qe2 Qe5 52. Kh1 a4 53.
Qa2 Nxe4 54. Qxa4 Ng3+ 55. Kg2 Nf5 56. Qa8+ Kh7 57. Qf3 g6 58. Qb7+ Qg7 59. Qc6
Qb2+ 60. Kf3 Qxb1 61. Qd7+ Ng7 62. Kf4 Qf5+ 63. Qxf5 Nxf5 64. h4 Nxh4 {Normal}
0-1

[Event "Rated Blitz game"]
[Site "?"]
[Date "2021.11.27"]
[Round "?"]
[White "limerik"]
[Black "blastol"]
[Result "0-1"]
[WhiteElo "2396"]
[BlackElo "2509"]
[PlyCount "116"]
[EventDate "2021.??.??"]
[EventType "blitz"]

1. e4 e5 2. Nf3 d5 3. Nxe5 Bd6 4. d4 dxe4 5. Nd2 Nf6 6. Ndc4 O-O 7. Be2 h6 8.
O-O Nc6 9. c3 Qe8 10. Bf4 Nd5 11. Bg3 Kh8 12. Nxd6 cxd6 13. Nc4 f5 14. Nxd6 Qd8
15. Bc4 f4 16. Bxd5 Qxd6 17. Bxc6 fxg3 18. Bxe4 gxf2+ 19. Rxf2 Rxf2 20. Kxf2
Qxh2 21. Qd3 Bg4 22. Rf1 Re8 23. Bf3 h5 24. d5 Qh4+ 25. Kg1 Qg3 26. d6 Rd8 27.
Rd1 h4 28. Bxg4 Qxg4 29. d7 Qe6 30. Qd4 Qe7 31. c4 Kg8 32. c5 h3 33. Qd5+ Kf8
34. gxh3 Qe3+ 35. Kh2 Qf2+ 36. Kh1 g6 37. Qd6+ Kg7 38. Qd4+ Qxd4 39. Rxd4 Kf6
40. b4 Ke5 41. Rd1 Ke6 42. Kg2 Rxd7 43. Rxd7 Kxd7 44. Kg3 Kc6 45. Kg4 Kb5 46.
Kg5 Kxb4 47. Kxg6 Kxc5 48. h4 Kb4 49. h5 b5 50. h6 a5 51. h7 Ka3 52. h8=Q b4
53. Qa1 a4 54. Qb1 b3 55. axb3 axb3 56. Kf5 Kb4 57. Ke4 Kc3 58. Ke3 Kc4 {
Time forfeit} 0-1

[Event "Rated Rapid tournament eLsRqGt0"]
[Site "?"]
[Date "2021.11.27"]
[Round "?"]
[White "VladChennel"]
[Black "Siebenschlaefer"]
[Result "0-1"]
[WhiteElo "2225"]
[BlackElo "2405"]
[PlyCount "49"]
[EventDate "2021.??.??"]
[EventType "rapid"]

1. e4 e5 2. Nf3 d5 3. exd5 e4 4. Nd4 Qxd5 5. Nb3 Nf6 6. Nc3 Qe5 7. Be2 Bd6 8.
d3 O-O 9. dxe4 Nxe4 10. Nxe4 Qxe4 11. O-O Nc6 12. Bf3 Qh4 13. g3 Qh3 14. Bg2
Qf5 15. Be3 Qg6 16. a3 Bf5 17. Rc1 Rad8 18. Qe2 Rfe8 19. Qb5 Bxc2 20. Qxb7 Ne5
21. Nd4 Rb8 22. Qa6 Be4 23. Bxe4 Qxe4 24. Nc6 Nf3+ 25. Kh1 {Normal} 0-1

[Event "Rated Blitz game"]
[Site "?"]
[Date "2021.11.27"]
[Round "?"]
[White "skintipanikendiseyok"]
[Black "CzechProphylaxis"]
[Result "1-0"]
[WhiteElo "2466"]
[BlackElo "2407"]
[PlyCount "77"]
[EventDate "2021.??.??"]
[EventType "blitz"]

1. e4 e5 2. Nf3 d5 3. exd5 Bd6 4. Nc3 Nf6 5. Bb5+ Nbd7 6. O-O O-O 7. Re1 a6 8.
Bf1 Re8 9. d4 e4 10. Ng5 Bb4 11. Bd2 Bxc3 12. bxc3 h6 13. Nh3 Nxd5 14. Nf4 N7f6
15. c4 Nb6 16. Bc3 Bg4 17. Qd2 Na4 18. Bb4 Qd7 19. h3 Bf5 20. Rad1 Rad8 21. Ba3
c6 22. Re3 b5 23. cxb5 axb5 24. c4 Nb6 25. cxb5 cxb5 26. Bc5 Nbd5 27. Nxd5 Nxd5
28. Rg3 Qe6 29. Bxb5 Rb8 30. Bxe8 Rxe8 31. Re1 Qc6 32. Qd1 Qb5 33. Qh5 Bg6 34.
Rxg6 fxg6 35. Qxd5+ Kh7 36. Qb3 Qxb3 37. axb3 Rb8 38. Rb1 Rxb3 39. Rxb3 {
Time forfeit} 1-0

[Event "Rated Blitz game"]
[Site "?"]
[Date "2021.11.27"]
[Round "?"]
[White "Gaganjani"]
[Black "Schachelite"]
[Result "0-1"]
[WhiteElo "2377"]
[BlackElo "2497"]
[PlyCount "94"]
[EventDate "2021.??.??"]
[EventType "blitz"]

1. e4 e5 2. Nf3 d5 3. exd5 e4 4. Qe2 Nf6 5. d3 Qxd5 6. Nc3 Bb4 7. Bd2 Bxc3 8.
Bxc3 O-O 9. dxe4 Nxe4 10. Rd1 Qc6 11. Qb5 Nxc3 12. Qxc6 Nxc6 13. bxc3 Bg4 14.
Bd3 Rfe8+ 15. Kd2 Bxf3 16. gxf3 Ne5 17. Be4 c6 18. Rhe1 Kf8 19. f4 Nc4+ 20. Kc1
Rad8 21. Bd3 Nb6 22. Re3 Nd5 23. Rxe8+ Rxe8 24. Kd2 Nxf4 25. Rb1 b6 26. Rb4 Nd5
27. Ra4 Re7 28. Rc4 c5 29. Rh4 h6 30. Rh5 Nf6 31. Rf5 Rd7 32. c4 Ke7 33. Kc3
Rd4 34. Re5+ Kd6 35. Re3 Rf4 36. f3 Rh4 37. Re2 Rh5 38. Rg2 g6 39. Kd2 Re5 40.
f4 Rh5 41. f5 g5 42. Ke3 Rh3+ 43. Kf2 Nh5 44. Kg1 Nf4 45. Rd2 Nxd3 46. Rxd3+
Rxd3 47. cxd3 Ke5 {Normal} 0-1

[Event "Rated Blitz tournament EMhrwZmd"]
[Site "?"]
[Date "2021.11.27"]
[Round "?"]
[White "easypiecetaker04"]
[Black "batasjon"]
[Result "1-0"]
[WhiteElo "2465"]
[BlackElo "2451"]
[PlyCount "75"]
[EventDate "2021.??.??"]
[EventType "blitz"]

1. e4 e5 2. Nf3 d5 3. exd5 e4 4. Nd4 Qxd5 5. Nb3 Nf6 6. Nc3 Qf5 7. d3 Bb4 8.
Bd2 O-O 9. Be2 exd3 10. Bxd3 Re8+ 11. Ne2 Qg5 12. Bxb4 Qxg2 13. Kd2 Ne4+ 14.
Bxe4 Qxe4 15. Ned4 Nc6 16. Bc3 Qf4+ 17. Kd3 Ne5+ 18. Ke2 Ng4+ 19. Kd3 Nxf2+ 20.
Kc4 Be6+ 21. Kb4 Nxd1 22. Raxd1 Bxb3 23. Kxb3 a5 24. a4 Rad8 25. Rhg1 c5 26.
Rdf1 Qe4 27. Nf5 f6 28. Rxg7+ Kh8 29. Rgg1 Rd4 30. Re1 Qd5+ 31. Ka3 Rxe1 32.
Bxd4 Rxg1 33. Bxf6+ Kg8 34. Ne7+ Kf7 35. Nxd5 Ke6 36. c4 Rg4 37. b3 Rh4 38.
Bxh4 {Normal} 1-0

[Event "Rated Blitz game"]
[Site "?"]
[Date "2021.11.27"]
[Round "?"]
[White "BLITZ16"]
[Black "Maltinho"]
[Result "0-1"]
[WhiteElo "2501"]
[BlackElo "2650"]
[PlyCount "116"]
[EventDate "2021.??.??"]
[EventType "blitz"]

1. e4 e5 2. Nf3 d5 3. Nc3 dxe4 4. Nxe4 f5 5. Nc3 e4 6. Ng1 Nf6 7. d4 Bd6 8. Bc4
Nbd7 9. Nge2 Nb6 10. Bb3 c6 11. Bf4 Qc7 12. g3 Nbd5 13. Nxd5 cxd5 14. c3 O-O
15. Qd2 Bd7 16. Bxd6 Qxd6 17. Qf4 Qe6 18. Qe5 Qf7 19. Nf4 Rfe8 20. Nxd5 Nxd5
21. Bxd5 Be6 22. Bxe6 Rxe6 23. Qf4 Rae8 24. O-O Rh6 25. h4 Qh5 26. Rae1 Rg6 27.
f3 e3 28. Rxe3 Rxe3 29. Qxe3 Rxg3+ 30. Kf2 Rh3 31. Qe6+ Qf7 32. Qc8+ Qf8 33.
Qxb7 Rxh4 34. Re1 h6 35. Qd5+ Kh7 36. Rg1 Rh2+ 37. Rg2 Rxg2+ 38. Kxg2 Qf6 39.
Kf2 Qg5 40. Qe5 Qd2+ 41. Qe2 Qf4 42. b4 h5 43. b5 h4 44. d5 h3 45. Qf1 Qh2+ 46.
Ke3 Qg3 47. d6 h2 48. d7 Qg1+ 49. Kf4 Qxf1 50. d8=Q h1=Q 51. Ke5 Qe2+ 52. Kxf5
Qh5+ 53. Qg5 Qexf3+ 54. Ke5 Qxg5+ 55. Kd4 Qfe3+ 56. Kc4 Qgc5+ 57. Kb3 Qexc3+
58. Ka4 Q5a3# {Normal} 0-1

[Event "Rated Blitz game"]
[Site "?"]
[Date "2021.11.27"]
[Round "?"]
[White "Kotti65"]
[Black "mirekkk14"]
[Result "1-0"]
[WhiteElo "2461"]
[BlackElo "2409"]
[PlyCount "85"]
[EventDate "2021.??.??"]
[EventType "blitz"]

1. e4 e5 2. Nf3 d5 3. d4 dxe4 4. Nxe5 Bd6 5. Nc3 Bxe5 6. dxe5 Qxd1+ 7. Nxd1 Nc6
8. Bf4 Nge7 9. Bb5 Bd7 10. Nc3 Ng6 11. Bg3 Ncxe5 12. Bxd7+ Kxd7 13. O-O-O+ Kc8
14. Nxe4 h6 15. f4 Nc6 16. Rhe1 b6 17. f5 Nge5 18. Nc3 f6 19. Nd5 Rd8 20. b3
Kb7 21. c4 Re8 22. Kc2 a5 23. Kc3 Rad8 24. a3 Rd7 25. h3 Red8 26. b4 axb4+ 27.
axb4 Ne7 28. Bxe5 Nxd5+ 29. cxd5 fxe5 30. Rxe5 Ka6 31. Kc4 Rd6 32. b5+ Kb7 33.
g4 R8d7 34. Rd4 Rd8 35. Re7 R8d7 36. Rxd7 Rxd7 37. Re4 Kc8 38. Re6 Kd8 39. Kd4
Kc8 40. Ke5 Kd8 41. h4 Kc8 42. g5 hxg5 43. hxg5 {Normal} 1-0

[Event "Rated Blitz game"]
[Site "?"]
[Date "2021.11.27"]
[Round "?"]
[White "ericLH"]
[Black "Annali-annaliew1979"]
[Result "1-0"]
[WhiteElo "2420"]
[BlackElo "2430"]
[PlyCount "67"]
[EventDate "2021.??.??"]
[EventType "blitz"]

1. e4 e5 2. Nf3 d5 3. Nxe5 Qe7 4. d4 f6 5. Nf3 dxe4 6. Nfd2 f5 7. Bc4 Nf6 8.
O-O Be6 9. Nc3 Nc6 10. d5 O-O-O 11. dxe6 Ne5 12. Be2 Qxe6 13. Qe1 Bd6 14. h3 g5
15. Nb3 Rhe8 16. Nd4 Qd7 17. Ndb5 h6 18. Nxd6+ Qxd6 19. Nb5 Qb6 20. Be3 Qe6 21.
Nxa7+ Kb8 22. Qa5 b6 23. Qa6 f4 24. Bb5 f3 25. Nc6+ Nxc6 26. Bxc6 Qxc6 27. a4
Nd5 28. a5 Nxe3 29. fxe3 fxg2 30. Rf7 Qb7 31. axb6 Qxa6 32. bxc7+ Kc8 33.
cxd8=Q+ Rxd8 34. Rxa6 {Normal} 1-0

[Event "Rated Blitz game"]
[Site "?"]
[Date "2021.11.27"]
[Round "?"]
[White "Kittinaa"]
[Black "Fantastic_power06"]
[Result "0-1"]
[WhiteElo "2760"]
[BlackElo "2829"]
[PlyCount "130"]
[EventDate "2021.??.??"]
[EventType "blitz"]

1. e4 e5 2. Nf3 d5 3. exd5 e4 4. Qe2 Nf6 5. d3 Qxd5 6. Nbd2 Nc6 7. dxe4 Qc5 8.
Nb3 Qb4+ 9. Bd2 Qxe4 10. O-O-O Qxe2 11. Bxe2 Be6 12. Bf4 Rc8 13. Nfd4 Bxb3 14.
Nxc6 bxc6 15. axb3 Nd5 16. Rhe1 Be7 17. Be5 O-O 18. Bf3 Bg5+ 19. Kb1 Rfe8 20.
Bd4 a5 21. Bc5 h6 22. c3 Rcd8 23. Rxe8+ Rxe8 24. Bxd5 cxd5 25. Rxd5 Re1+ 26.
Ka2 Re2 27. Ka3 Bc1 28. Ka4 Bxb2 29. Rd3 Rc2 30. c4 Bc3 31. Kb5 Be1 32. Kc6 a4
33. bxa4 Rxc4 34. Kb5 Rc2 35. Rb3 Ra2 36. Be3 c6+ 37. Kxc6 Rxa4 38. h4 Rxh4 39.
g3 Rh2 40. Kd5 Bxf2 41. Bxf2 Rxf2 42. Ke4 Rf6 43. Ke3 Kh7 44. Rb2 Kg6 45. Rb5
Re6+ 46. Kf3 f6 47. Kg2 Re5 48. Rb8 h5 49. Rb6 Kg5 50. Rb2 g6 51. Rf2 Rf5 52.
Rf1 Rxf1 53. Kxf1 Kg4 54. Kg2 f5 55. Kf2 h4 56. gxh4 Kxh4 57. Kg2 Kg4 58. Kf2
f4 59. Kg2 g5 60. Kf2 Kf5 61. Ke2 g4 62. Kf2 Ke4 63. Kg2 g3 64. Kf1 Kf3 65. Ke1
g2 {Normal} 0-1

[Event "Rated Blitz game"]
[Site "?"]
[Date "2021.11.26"]
[Round "?"]
[White "mopolomolo"]
[Black "Porgy"]
[Result "1-0"]
[WhiteElo "2424"]
[BlackElo "2447"]
[PlyCount "77"]
[EventDate "2021.??.??"]
[EventType "blitz"]

1. e4 e5 2. Nf3 d5 3. Nxe5 Bd6 4. d4 dxe4 5. Nc4 Nf6 6. Nc3 O-O 7. f3 Bb4 8.
Bg5 Re8 9. Kf2 Bxc3 10. bxc3 Ng4+ 11. fxg4 Qxg5 12. Be2 e3+ 13. Kg1 Nd7 14. h4
Qf4 15. Qf1 Qxf1+ 16. Rxf1 Nf6 17. Ne5 Be6 18. Rh3 Bxa2 19. Rxe3 Nd5 20. Rg3 f6
21. Ra1 fxe5 22. Rxa2 exd4 23. Bc4 c6 24. cxd4 Re1+ 25. Kf2 Rae8 26. Rb3 R1e4
27. Rxb7 Rxd4 28. Bxd5+ cxd5 29. Raxa7 Rd2+ 30. Kg3 Rxc2 31. Rxg7+ Kh8 32.
Rxh7+ Kg8 33. Rag7+ Kf8 34. Rd7 Kg8 35. Rhg7+ Kh8 36. Rg5 Ree2 37. Rgxd5 Rxg2+
38. Kf4 Rc4+ 39. Rd4 {Normal} 1-0

[Event "Rated Blitz game"]
[Site "?"]
[Date "2021.11.26"]
[Round "?"]
[White "IrrelevantAgain"]
[Black "Annali-annaliew1979"]
[Result "1-0"]
[WhiteElo "2692"]
[BlackElo "2467"]
[PlyCount "49"]
[EventDate "2021.??.??"]
[EventType "blitz"]

1. e4 e5 2. Nf3 d5 3. exd5 e4 4. Qe2 f5 5. d3 Nf6 6. Nc3 Bb4 7. dxe4 Bxc3+ 8.
bxc3 fxe4 9. c4 O-O 10. Nd4 c5 11. Nb5 Ng4 12. Be3 Qf6 13. Rb1 a6 14. Nc7 Nxe3
15. Qxe3 Bg4 16. h3 Bh5 17. Nxa8 Nd7 18. Nc7 Ne5 19. Ne6 Re8 20. Rxb7 Bf7 21.
Be2 Bxe6 22. dxe6 Nxc4 23. Bxc4 Qa1+ 24. Ke2 Qxh1 25. Qg5 {Normal} 1-0

[Event "Rated Blitz tournament QHddgihe"]
[Site "?"]
[Date "2021.11.26"]
[Round "?"]
[White "espinozasgod"]
[Black "Mrkool1_2020"]
[Result "0-1"]
[WhiteElo "2428"]
[BlackElo "2308"]
[PlyCount "118"]
[EventDate "2021.??.??"]
[EventType "blitz"]

1. e4 e5 2. Nf3 d5 3. exd5 e4 4. Qe2 Nf6 5. d3 Qxd5 6. Nc3 Bb4 7. Bd2 Bxc3 8.
Bxc3 O-O 9. Bxf6 exf3 10. Qxf3 Qxf3 11. gxf3 gxf6 12. Rg1+ Kh8 13. d4 Re8+ 14.
Kd2 Nc6 15. Bc4 Be6 16. d5 Red8 17. Rad1 Bxd5 18. Bxd5 Rxd5+ 19. Kc1 Rxd1+ 20.
Rxd1 Rd8 21. Re1 Kg7 22. c3 f5 23. Rg1+ Kf6 24. Rg3 h5 25. Rh3 Kg5 26. Rg3+ Kf6
27. Rh3 Kg5 28. Rg3+ Kh6 29. h4 Ne5 30. Kc2 f4 31. Rh3 Rd3 32. c4 Rxf3 33. Rh2
Nxc4 34. b3 Nd6 35. Kd2 f5 36. Ke2 Rc3 37. Kd2 Rc5 38. f3 Re5 39. Kd3 Re3+ 40.
Kd4 Rxf3 41. Rc2 c6 42. Ke5 Rd3 43. Kxf4 a5 44. Re2 Rd4+ 45. Kf3 Ne4 46. Kf4
Nc3+ 47. Kxf5 Nxe2 48. a4 Rxh4 49. b4 Rxb4 50. Ke6 Rxa4 51. Kd7 Rb4 52. Kc7 a4
53. Kb8 a3 54. Kc7 a2 55. Kd6 a1=Q 56. Kc7 Qe5+ 57. Kd7 Rd4+ 58. Kc8 b5 59. Kb7
c5 {Time forfeit} 0-1

[Event "Rated Blitz game"]
[Site "?"]
[Date "2021.11.26"]
[Round "?"]
[White "Rookie1243"]
[Black "Annali-annaliew1979"]
[Result "0-1"]
[WhiteElo "2470"]
[BlackElo "2446"]
[PlyCount "32"]
[EventDate "2021.??.??"]
[EventType "blitz"]

1. e4 e5 2. Nf3 d5 3. Bb5+ c6 4. Ba4 Bd6 5. exd5 e4 6. Qe2 Nf6 7. dxc6 Nxc6 8.
Nc3 O-O 9. Ng5 Nd4 10. Qe3 Bc5 11. Qg3 Bd7 12. Bb3 Nf5 13. Qf4 Bd6 14. Ne6 Bxe6
15. Qg5 h6 16. Qxg7+ Kxg7 {Normal} 0-1

[Event "Rated Blitz game"]
[Site "?"]
[Date "2021.11.26"]
[Round "?"]
[White "limosity"]
[Black "KamranShirazi"]
[Result "1-0"]
[WhiteElo "2485"]
[BlackElo "2565"]
[PlyCount "71"]
[EventDate "2021.??.??"]
[EventType "blitz"]

1. e4 e5 2. Nf3 d5 3. d4 dxe4 4. Nxe5 Nd7 5. Nxd7 Bxd7 6. Nc3 Bb4 7. Bc4 h6 8.
O-O Nf6 9. Re1 O-O 10. Bd2 Re8 11. a3 Bg4 12. Qc1 Qxd4 13. Bxf7+ Kxf7 14. axb4
a6 15. b5 axb5 16. Rxa8 Rxa8 17. Nxb5 Qc4 18. Nc3 b5 19. b3 Qc6 20. Qb2 Qd6 21.
Be3 c6 22. h3 Bh5 23. b4 Rd8 24. Qb3+ Kg6 25. Nb1 Kh7 26. Nd2 Bg6 27. Nf1 Nd5
28. Bc5 Qf4 29. Ne3 Bf7 30. Nxd5 Bxd5 31. Qe3 Qf5 32. Rd1 Re8 33. Rd4 Re6 34.
c3 Rg6 35. Rd2 Qf8 36. Bxf8 {Normal} 1-0

[Event "Rated Blitz game"]
[Site "?"]
[Date "2021.11.26"]
[Round "?"]
[White "Aeroschess"]
[Black "Tengo1000cuentas"]
[Result "0-1"]
[WhiteElo "2430"]
[BlackElo "2307"]
[PlyCount "104"]
[EventDate "2021.??.??"]
[EventType "blitz"]

1. e4 e5 2. Nf3 d5 3. exd5 Nf6 4. Nxe5 Qxd5 5. d4 Nc6 6. Nxc6 Qxc6 7. Nc3 Bb4
8. Bd2 O-O 9. a3 Bd6 10. Be3 Re8 11. d5 Qd7 12. Bb5 c6 13. dxc6 bxc6 14. Be2
Qc7 15. h3 Bf5 16. O-O Rad8 17. Qc1 Be5 18. Bf3 Rb8 19. Rd1 Qa5 20. Bd4 Bd6 21.
Ne2 Be7 22. Ng3 Bg6 23. c3 Rbd8 24. Bxc6 Rf8 25. Bf3 Rfe8 26. Re1 Rb8 27. Ne4
Nd5 28. Re2 Bd8 29. Qe1 Bc7 30. Nc5 Rxe2 31. Qxe2 Bd6 32. Re1 h6 33. Ne4 Nf4
34. Qe3 Bc7 35. Ng3 Rxb2 36. Be4 Nd5 37. Bxd5 Qxd5 38. Ne4 Rb8 39. Nc5 Rd8 40.
Qf3 Qd6 41. g3 Bb6 42. Qe3 Rc8 43. Nb3 Bxd4 44. Nxd4 Qxa3 45. Rc1 Qb2 46. Kh2
f6 47. c4 Re8 48. c5 Rxe3 49. Rg1 Qxf2+ 50. Rg2 Qa2 51. Ne2 Qc4 52. Nf4 Qxc5 {
Time forfeit} 0-1

[Event "Rated Blitz game"]
[Site "?"]
[Date "2021.11.26"]
[Round "?"]
[White "Kleinseelheim"]
[Black "oALJH0N"]
[Result "1-0"]
[WhiteElo "2413"]
[BlackElo "2381"]
[PlyCount "67"]
[EventDate "2021.??.??"]
[EventType "blitz"]

1. e4 e5 2. Nf3 d5 3. Nxe5 dxe4 4. d4 Bd6 5. Bc4 Bxe5 6. Qh5 Qe7 7. dxe5 Nc6 8.
Bf4 g6 9. Qe2 Nxe5 10. Bb3 Nf6 11. Nc3 Nc6 12. Bg5 Nd4 13. Qe3 Nf5 14. Qf4 Be6
15. O-O-O h6 16. Bxf6 Qxf6 17. Qxc7 e3 18. fxe3 Nxe3 19. Ne4 Qe7 20. Nd6+ Kf8
21. Qc3 Qg5 22. Qxh8+ Ke7 23. Qxa8 Nxd1+ 24. Kb1 Bxb3 25. Qe8+ Kxd6 26. Rxd1+
Bd5 27. Qxf7 Qxg2 28. Qxb7 h5 29. Qxa7 Qxh2 30. Qb6+ Ke5 31. Qe3+ Be4 32. Qc5+
Kf6 33. Rf1+ Kg7 34. Qf8+ {Time forfeit} 1-0

[Event "Rated Blitz game"]
[Site "?"]
[Date "2021.11.26"]
[Round "?"]
[White "Zora287"]
[Black "Maltinho"]
[Result "1-0"]
[WhiteElo "2642"]
[BlackElo "2646"]
[PlyCount "89"]
[EventDate "2021.??.??"]
[EventType "blitz"]

1. e4 e5 2. Nf3 d5 3. Bd3 dxe4 4. Bxe4 f5 5. Bd3 e4 6. Ne5 Qd6 7. Nc4 Qg6 8.
Bf1 Nc6 9. d3 Be6 10. dxe4 Rd8 11. Qf3 fxe4 12. Qg3 Nd4 13. Ne3 Nf6 14. Qxg6+
hxg6 15. c3 Nf5 16. Be2 Bc5 17. b4 Bxe3 18. Bxe3 Nxe3 19. fxe3 Nd5 20. Bc4 Nxe3
21. Bxe6 Nc2+ 22. Ke2 Nxa1 23. Na3 Rd6 24. Bc4 Ke7 25. h3 Rhd8 26. Rxa1 Rd2+
27. Ke3 Rxg2 28. Kxe4 Rg3 29. Rc1 Rxh3 30. Bb3 Rdd3 31. Nb5 Kf6 32. Rf1+ Kg5
33. Re1 c6 34. Nd4 Rxc3 35. Rg1+ Kf6 36. Rf1+ Kg5 37. Rg1+ Kf6 38. Rf1+ Kg5 39.
Ne6+ Kh6 40. Nf4 Rhe3+ 41. Kd4 Kg5 42. Ne6+ Kh5 43. Rh1+ Kg4 44. Rg1+ Kf5 45.
Rg5+ {Time forfeit} 1-0